MDQL
is popping MORE tags! Check the
thread
!
Quizzes
Events
Quiz Creation
Community
Videos
Private Events
Remove Ads
Sign In
Join for FREE
Feedback
Dark Mode
Quiz Categories
Sports
Geography
Music
Movies
Television
Just For Fun
Miscellaneous
History
Literature
Language
Science
Gaming
Entertainment
Religion
Holiday
For Kids
Quiz Lab
Recent
Popular Today
Quiz Kudos Today
Editor Picks
Curator Picks
Quizzes by...
Day
Popularity
Type
Ratings
Length
Year
Community
Subscriptions
Recent Discussions
Orange Saloon
Badges
Playlists
Quests
Create
Leaderboards
Showdown
Live 5
Trivia Bingo
Activity
Puzzle Library
Sporcle Events
Private Events
Virtual Trivia
Globe League
Become a Host
Pub Owners
SporcleCon
Opinionation
Our Games
Videos
Blog
Mobile Apps
Partnerships
Remove Ads and Go Orange
Feedback
Sports
Athletes
MLB
NBA
NHL
NFL
Soccer
Sports Teams
WWE
NCAA
Football
Premier League
Basketball
Baseball
Hockey
Golf
Tennis
Cricket
Rugby
Auto Racing
Olympics
World Cup
Sports
Athletes
MLB
NBA
NHL
NFL
Soccer
Sports Teams
WWE
NCAA
Football
Premier League
Basketball
Baseball
Hockey
Golf
Tennis
Cricket
Rugby
Auto Racing
Olympics
World Cup
Random Quiz
Search Sporcle
×
Quiz Lab
Quiz Lab
Sports
Football
Type in answers that appear in a list
Type in answers that appear in a list
Classic
Best Score? Go Orange.
Last XI: Craig Bellamy Stats
Can you name Craig Bellamy's last XI's in the given Teams?
By
ol98
10m
80 Questions
853 Plays
853 Plays
853 Plays
Comments
Comments
Give Quiz Kudos
Give Quiz Kudos
-
- Ratings
hide this ad
Replay
Link that replays current quiz
Next Quiz
Link to next quiz in quiz playlist
You Got
0%
They Got
Avg Score
50%
Avg Friend Score
Upgrade to see
Score Distribution
Jump to the score distribution portion of the page
Score
0/80
Timer
10:00
0
Plays Today
Game and Competition
Player Name
% Correct
Liverpool vs Chelsea, FA Cup 2012
Luis Suárez
94.3%
Liverpool vs Chelsea, FA Cup 2012
Steven Gerrard
94.1%
Liverpool vs Chelsea, FA Cup 2012
Pepe Reina
94%
Liverpool vs Chelsea, FA Cup 2012
Martin Škrtel
92.5%
Manchester City vs Tottenham Hotspur, Premier League 2010
Emmanuel Adebayor
92.5%
Manchester City vs Tottenham Hotspur, Premier League 2010
Vincent Kompany
92%
Manchester City vs Tottenham Hotspur, Premier League 2010
Kolo Touré
91.9%
Liverpool vs Chelsea, FA Cup 2012
Glen Johnson
91.7%
Manchester City vs Tottenham Hotspur, Premier League 2010
Adam Johnson
91.6%
Cardiff City vs Chelsea, Premier League 2014
Declan John
91.1%
Liverpool vs Chelsea, FA Cup 2012
Daniel Agger
91%
Manchester City vs Tottenham Hotspur, Premier League 2010
Pablo Zabaleta
89%
Manchester City vs Tottenham Hotspur, Premier League 2010
Carlos Tevez
88.7%
Wales vs Belgium, World Cup 2014 Qualifying
Aaron Ramsey
88.5%
Manchester City vs Tottenham Hotspur, Premier League 2010
Nigel de Jong
87.9%
Blackburn Rovers vs Chelsea, Premier League 2006
Brad Friedel
85%
Manchester City vs Tottenham Hotspur, Premier League 2010
Gareth Barry
83.8%
Newcaste United vs Southampton, Premier League 2005
Shay Given
81.8%
Liverpool vs Chelsea, FA Cup 2012
Jordan Henderson
80.1%
Newcaste United vs Southampton, Premier League 2005
Alan Shearer
76.2%
West Ham United vs Newcastle United, Premier League 2009
Rob Green
72.6%
Liverpool vs Chelsea, FA Cup 2012
José Enrique
72.2%
Wales vs Belgium, World Cup 2014 Qualifying
James Collins
67.5%
West Ham United vs Newcastle United, Premier League 2009
James Collins
67.5%
Wales vs Belgium, World Cup 2014 Qualifying
Andy King
67.2%
Liverpool vs Chelsea, FA Cup 2012
Stewart Downing
66%
West Ham United vs Newcastle United, Premier League 2009
Mark Noble
65.3%
Newcaste United vs Southampton, Premier League 2005
Shola Ameobi
63.4%
Celtic vs Dundee United, Scottish Cup 2005
Stiliyan Petrov
62.5%
Wales vs Belgium, World Cup 2014 Qualifying
Neil Taylor
62.4%
Newcaste United vs Southampton, Premier League 2005
Steven Taylor
62.4%
Blackburn Rovers vs Chelsea, Premier League 2006
Morten Gamst Pedersen
61.3%
West Ham United vs Newcastle United, Premier League 2009
Carlton Cole
59.6%
Wales vs Belgium, World Cup 2014 Qualifying
Wayne Hennessey
57%
Manchester City vs Tottenham Hotspur, Premier League 2010
Wayne Bridge
55.7%
Blackburn Rovers vs Chelsea, Premier League 2006
Tugay
55.7%
Wales vs Belgium, World Cup 2014 Qualifying
Hal Robson-Kanu
55.3%
Newcaste United vs Southampton, Premier League 2005
Kieron Dyer
49.4%
West Ham United vs Newcastle United, Premier League 2009
Lucas Neill
48.7%
Blackburn Rovers vs Chelsea, Premier League 2006
Lucas Neill
48.7%
Game and Competition
Player Name
% Correct
Wales vs Belgium, World Cup 2014 Qualifying
Chris Gunter
48.5%
Cardiff City vs Chelsea, Premier League 2014
David Marshall
48.4%
Celtic vs Dundee United, Scottish Cup 2005
John Hartson
46.8%
Liverpool vs Chelsea, FA Cup 2012
Jay Spearing
46.5%
Wales vs Belgium, World Cup 2014 Qualifying
Jazz Richards
45.3%
West Ham United vs Newcastle United, Premier League 2009
Valon Behrami
44.7%
Cardiff City vs Chelsea, Premier League 2014
Fábio
44.3%
Newcaste United vs Southampton, Premier League 2005
Celestine Babayaro
44%
Celtic vs Dundee United, Scottish Cup 2005
Chris Sutton
41%
Newcaste United vs Southampton, Premier League 2005
Lee Bowyer
38.3%
Cardiff City vs Chelsea, Premier League 2014
Aron Gunnarsson
36.3%
Newcaste United vs Southampton, Premier League 2005
Jermaine Jenas
36.2%
Blackburn Rovers vs Chelsea, Premier League 2006
Robbie Savage
35.3%
Newcaste United vs Southampton, Premier League 2005
Jean-Alain Boumsong
34%
Celtic vs Dundee United, Scottish Cup 2005
Neil Lennon
33.5%
Blackburn Rovers vs Chelsea, Premier League 2006
Steven Reid
30.7%
Blackburn Rovers vs Chelsea, Premier League 2006
David Bentley
28.7%
West Ham United vs Newcastle United, Premier League 2009
Scott Parker
27.4%
Celtic vs Dundee United, Scottish Cup 2005
Bobo Baldé
26.4%
Cardiff City vs Chelsea, Premier League 2014
Fraizer Campbell
24.6%
Cardiff City vs Chelsea, Premier League 2014
Steven Caulker
24.5%
Celtic vs Dundee United, Scottish Cup 2005
Alan Thompson
24%
West Ham United vs Newcastle United, Premier League 2009
Jack Collison
21.7%
Manchester City vs Tottenham Hotspur, Premier League 2010
Márton Fülöp
18.8%
Newcaste United vs Southampton, Premier League 2005
Titus Bramble
18.3%
West Ham United vs Newcastle United, Premier League 2009
Matthew Upson
17.9%
Wales vs Belgium, World Cup 2014 Qualifying
Simon Church
17.8%
Cardiff City vs Chelsea, Premier League 2014
Jordon Mutch
17.2%
Cardiff City vs Chelsea, Premier League 2014
Peter Whittingham
15.9%
Celtic vs Dundee United, Scottish Cup 2005
Robert Douglas
15.8%
Wales vs Belgium, World Cup 2014 Qualifying
David Vaughan
14.3%
Celtic vs Dundee United, Scottish Cup 2005
Didier Agathe
14.2%
Blackburn Rovers vs Chelsea, Premier League 2006
Zurab Khizanishvili
13.7%
Celtic vs Dundee United, Scottish Cup 2005
Jackie McNamara
12.5%
Cardiff City vs Chelsea, Premier League 2014
Mats Möller Daehli
12.3%
West Ham United vs Newcastle United, Premier League 2009
Hérita Ilunga
11.8%
Celtic vs Dundee United, Scottish Cup 2005
Stanislav Varga
11%
Blackburn Rovers vs Chelsea, Premier League 2006
Florent Sinama-Pongolle
7.9%
Blackburn Rovers vs Chelsea, Premier League 2006
Michael Gray
7.7%
Cardiff City vs Chelsea, Premier League 2014
Ben Turner
7.6%
Quiz Playlist
Details
Report
Send in Message
Add To Playlist
Classic:
Type in answers that appear in a list
Quiz Source
Last Updated: Aug 12, 2023
Quiz Scoreboard
CHALLENGE
Sign Up to Join the Scoreboard
Show All
Scores
Hide
Comments
May contain spoilers
Recently Published
Find the 'City' Movie
by crazypaving
Movies
60s
5x2 Blitz: Bands
by SL_Kpop136
Music
30s
Colored Red Africa Blitz
by spor1
Geography
30s
More to Explore
Quiz From the Vault
Featured Blog Post
14 Easter Pick-up Lines to Find Eggs With
hide this ad
You Might Also Like...
Tags
Football Quiz
Premier League Quiz
Soccer Quiz
Blackburn Rovers
celtic
League Cup
Liverpool
Manchester City
Newcastle United
Wales
Today's Top Quizzes in Sports
Browse Sports
hide this ad
Today's Top Quizzes in Football
Browse Football
Top Contributed Quizzes in Sports
1
Les entraîneurs de l'OM et du PSG au 21e siècle
2
Les meilleurs buteurs des matchs entre le PSG et l’OM
3
Players with Multiple 50 Home Run Seasons
4
2022 World Cup Stars
5
Les joueurs passés par le PSG et l'OM
6
NBA Logic Puzzle 2.0
7
Criteria MLB: Left Handed Sluggers
8
MLB Players with Two .350 Batting Average Seasons
9
Top 10 NHL Goal Scorers of All Time
10
Who Hit More Homers?
Explore More
Trending Topics
Harry Potter
Disney
Kpop
Anime
Marvel
NBA
Crossword
NFL
Soccer
Song
Pokémon
Puzzle
The Office
Country
WWE
hide this ad
More By:
ol98
Quiz
Plays
Rating
Category
Featured
Created
Champions League Quiz 2018/19
175,801
2.53
Sports
Jun 7, 2019
Premier League Golden Boot Runners Up
33,824
4.76
Sports
Aug 1, 2019
Ballon d'Or Without Messi and Ronaldo
23,758
5.00
Sports
Feb 27, 2020
World Cup 2018 Quiz
19,438
2.80
Sports
Jun 9, 2019
Lionel Messi's 4+ Goals XI's
13,204
5.00
Sports
Dec 22, 2019
Go to Creator's Profile
Score Distribution
Quiz Creator Spotlight
ol98
Follow
Send a Message
Quizzes Created
-
Created Quiz Play Count
-
More By This Creator
Popular Quizzes Today
1
Colored Red Africa Blitz
2
Find the 'City' Movie
3
Find the US States - No Outlines Minefield
4
5x2 Blitz: Bands
5
The Countries of the World
6
Find the US States
7
Find the Countries of Europe - No Outlines Minefield
8
US States
More Sports Quizzes
MLB Franchises with 5 World Series Championships
Published
Trending Quizzes
Colored Red Europe Blitz I
Colored Red Europe Blitz II
Colored Red Africa Blitz II
Colored Red Europe Blitz III
Colored Red Africa Blitz III
Recently Updated
How Do You Spell That?
pecheneg
Godzilla Movies
pecheneg
Grab Bag: 4-10 Letters
pecheneg
2024 March Madness Bracket
pecheneg
Famous TV Couples
Peacemaker
Champions League XIs: Real Madrid
pecheneg
Largest US Cities 1790-2010
pecheneg
Rides in Walt Disney World
pecheneg
Most Oscar Losses (Acting)
pecheneg
Beyoncé Albums
pecheneg
Trending Topics
Disney
Anime
Marvel
Harry Potter
Kpop
Crossword
NBA
Pokémon
Soccer
WWE
Country
Puzzle
The Office
NFL
Song
Your Account Isn't Verified!
In order to create a playlist on Sporcle, you need to verify the email address you used during registration. Go to your
Sporcle Settings
to finish the process.
Report this User
Report this user for behavior that violates our
Community Guidelines
.
Details:
Send Report
Go to the Sporcle.com Mobile Site →
Comments